| 000 | 00430nam a2200157 i 4500 | ||
|---|---|---|---|
| 001 | 104212 | ||
| 003 | ES-MaACL | ||
| 005 | 20230906183537.0 | ||
| 007 | t| | ||
| 008 | 051125s1973 sp ||||1| spa d | ||
| 100 | 1 |
_aMiguel, Amando de. _981000 |
|
| 245 | 1 | 0 |
_aDiagnóstico de la Universidad / _cAmando de Miguel. |
| 260 |
_aMadrid : _bGuadarrama, _c1973. |
||
| 300 |
_a223 p. ; _c18 cm. |
||
| 852 |
_aES-MaACL _jC-53709 _bR.86664 |
||
| 999 |
_c104212 _d104212 |
||